00797nam a2200229 i 4500001000300000100002500003245007700028260003500105300002700140500011800167650002800285700003000313015001700343020001800360040000800378041000800386044000800394080001200402080001400414008004100428856009800469bg1 aGrynkiewicz, Tomasz.10aTwoja firma w internecie /cTomasz Grynkiewicz, Przemysław Poznański. aWarszawa :bAgora,ccop. 2011. a68 s. :bil. ;c21 cm. aNa okł.: Strona www, rejestracja domeny, reklama i promocja, prawo i bezpieczeństwo. Dod. do Gazety Wyborczej. 4aMarketing elektroniczny1 aPoznański, Przemysław. aPB 8034/2011 a9788326801280 cBPK apol aPOL a339.138 a004.738.5120507s2011 pl a |000 0 pol  uhttp://koha.tu.koszalin.pl/cgi-bin/koha/opac-detail.pl?biblionumber=49774yKatalog online BPK